000 04478nam a2200445 a 4500
001 dia_883
003 CHAP
005 20250819131457.0
007 ta
008 220117s1999 mx ad frm 001 0 spa d
010 _a171431
040 _amxchpua
_cCHAP
041 0 _aspa
_beng
090 _aTesis
_bV55
_c1999
100 1 _aVillatoro Juárez, Miguel Ángel
240 1 0 _aFabrication of oaxaca cheese with pasteurized milk and mixed acidification.
_lEspañol
245 1 0 _aElaboración de queso oaxaca con leche pasteurizada y acidificación mixta /
_cMiguel Ángel Villatoro Juárez
264 _aChapingo, México :
_bEl autor,
_c1999
300 _aviii, 66 hojas :
_bilustraciones, tablas, gráficas
336 _2rdacontent
_atexto
_btxt
337 _2rdamedia
_ano mediado
_bn
338 _2rdacarrier
_avolumen
_bnc
502 _aTesis
_b(Ingeniero Agroindustrial) --
_cUACh. Departamento de Ingeniería Agroindustrial,
_d1999
504 _aBibliografía: hojas 52-53
520 3 _aEI queso Oaxaca pertenece al grupo de los quesos de pasta hilada ("filata") mexicanos, de los cuales no existe mucha información; es por ello que en esta investigación se evaluó el uso de leche pasteurizada y acidificación mixta en la elaboración de este tipo de queso, comparándolo con el elaborado con leche bronca (testigo). La leche se acidificó inicialmente a 20, 25 y 30 *D con cultivos mesófilos (St. lactis y St. cremoris), llevándose con ácido acético a una acidez final hasta el punto apropiado para el queso Oaxaca (32-35 D). Se trató con 12 unidades experimentales, a las cuales se les practicó determinaciones de humedad, cenizas, grasa, acidez, proteína y área de fundido; los datos se examinaron mediante un análisis de varianza (α=0.05). En el análisis bromatológico se hallaron diferencias significativas entre los tratamientos, con respecto al testigo, con excepción de la variable proteína. A todos los quesos se les realizó una prueba sensorial de diferencia contra testigo, con la que se evaluó el nivel de diferencia entre la unidad elaborada con leche bronca y cada una de las unidades elaboradas con leche pasteurizada y acidificación mixta, encontrándose diferencias significativas entre éstas EI queso elaborado con leche pasteurizada y acidificada con cultivo a 25 °D, posteriormente ajustada con ácido acético, dio lugar a quesos con las mejores características sensoriales, así como a una reducción en el tiempo de elaboración.
520 3 _aOaxaca cheese belongs to a group of Mexican cheeses of the "string" or "flata' type, of which little information exists. In this study the use of pasteurized milk and mixed acidification in the fabrication of this type of cheese were evaluated and compared with the use of unpasteurized milk (control). The milk was acidified initially at 20, 25 and 30 D whit mesophyll cultures (St. lactis and St. cremoris), achieving final acidity with acetic acid up to the point appropriate for Oaxaca cheese (32-35 D). Twelve experimental units were treated; in each of these moisture, ash, fats, acidity, proteins and area of fused matter were determined. The data were examined through analysis of variance (α=0.05). In the bromatological analisysis significant differences were found among treatments, compared with the control, with the exception of variable protein. All of the cheeses were subjected to a sensory test of difference against the control. The level of difference between the cheese made from unpasteurized milk and each of units made whit pasteurized milk and mixed acidification was evaluated, and significant differences were found. The cheese made with pasteurized milk and acidified with a 25 °D culture, adjusted later with acetic acid, produced the cheese with the best sensorial characteristics, as well as a reduction in processing time.
650 1 3 _aQuesos
_2atg
650 1 3 _aLeche
_2atg
_xAcidificación
650 1 3 _aFabricación de queso
_xLeche pasteurizada
_2atg
650 1 3 _aCheeses
_2atg
650 1 3 _aMilk
_2atg
_xAcidification
650 1 3 _aCheesemaking
_xPasteurized milk
_2atg
700 1 _aSantos Moreno, Armando
_edirector
700 1 _aHernández Montes, Arturo
_easesor
700 1 _aLobato Calleros, Consuelo Silvia Olivia
_easesora
901 _aTESIS V55 1999
902 _aM
905 _a0000001999 mx A 0000000000spa00
942 _cTESIS
_2Clasificación Universidad Autónoma Chapingo
999 _c171431
_d171431